00867 a2200217 4500010001400000020002300014035001300037082000800050245014500058260004600203300003000249520010500279650002700384650003000411651003800441651004200479651005200521700002500573700002300598700002800621 aENG-85634 a0195679563c657.00 aEN-6916714a9541 aFrom the colonial to the postcolonialbIndia and Pakistan in transitioncedited by Dipesh Chakrabarty, Rochona Majumdar, and Andrew Sartori. aNew DelhibOxford University Pressc2007. axii, 369 p.c23 cm. (Hb.) aContributed articles presented in a conference organized at the University of Chicago in April 2005. 0aPostcolonialismzIndia 0aPostcolonialismzPakistan 0aSouth AsiaxHistoryy20th century 0aIndiaxPolitics and governmenty1947- 0aPakistanxPolitics and governmenty20th century1 aChakrabarty, Dipesh.1 aMajumdar, Rochona.1 aSartori, Andrew,d1969-